000 01069nam a2200265 a 4500
001 71425
003 BD-RjUL
005 20211209082118.0
008 170503s1985 bg a|||| b||| 00| 0 ben d
020 _c: TK. 15.00
035 _a(BD-RjUL)71641
040 _aBD-RjUL
_bben
_cBD-RjUL
_dBD-RjUL
041 _aben
082 _223
_a956.9405
_bHAP 1985
100 _aহাসান, শেখ গোলাম
_9211332
245 _aপ্যালেস্টাইন /
_cশেখ গোলাম হাসান
260 _aঢাকা :
_bবাংলা একাডেমী,
_c১৯৮৫.
300 _a১১১ পৃ. :
_bচিত্র. ;
_c১৮ সেমি.
490 _aভাষা শহীদ গ্রন্থমালা
504 _aগ্রন্থপঞ্জি সংযুক্ত.
650 _aপ্যালেস্টাইন
_vইতিহাস
_y১৯৪৮-
_9211333
650 _aPalestine
_vHistory
_y1948-
_9211334
830 _aভাষা শহীদ গ্রন্থমালা
_9127572
942 _2ddc
_cBK
999 _c71425
_d71425